<?xml version="1.0" encoding="UTF-8"?>
<record
    xmlns:xsi="http://www.w3.org/2001/XMLSchema-instance"
    xsi:schemaLocation="http://www.loc.gov/MARC21/slim http://www.loc.gov/standards/marcxml/schema/MARC21slim.xsd"
    xmlns="http://www.loc.gov/MARC21/slim">

  <leader>02501cam a2200409 i 4500</leader>
  <controlfield tag="001">10497536</controlfield>
  <controlfield tag="003">USPCAS-E</controlfield>
  <controlfield tag="005">20180118181416.0</controlfield>
  <controlfield tag="006">m        d        </controlfield>
  <controlfield tag="007">cr  n         </controlfield>
  <controlfield tag="008">121018t20132013xx a    sb    001 0 eng d</controlfield>
  <datafield tag="020" ind1=" " ind2=" ">
    <subfield code="a">0470873663</subfield>
  </datafield>
  <datafield tag="020" ind1=" " ind2=" ">
    <subfield code="a">9780470873663</subfield>
  </datafield>
  <datafield tag="035" ind1=" " ind2=" ">
    <subfield code="a">(WaSeSS)ssj0000904902</subfield>
  </datafield>
  <datafield tag="040" ind1=" " ind2=" ">
    <subfield code="a">DLC</subfield>
    <subfield code="b">eng</subfield>
    <subfield code="c">DLC</subfield>
    <subfield code="e">rda</subfield>
    <subfield code="d">DLC</subfield>
    <subfield code="d">WaSeSS</subfield>
  </datafield>
  <datafield tag="042" ind1=" " ind2=" ">
    <subfield code="a">pcc</subfield>
  </datafield>
  <datafield tag="050" ind1=" " ind2="4">
    <subfield code="a">TJ810</subfield>
    <subfield code="b">.D82 2013</subfield>
  </datafield>
  <datafield tag="050" ind1=" " ind2="4">
    <subfield code="a">TJ810.D82 2013</subfield>
  </datafield>
  <datafield tag="082" ind1=" " ind2=" ">
    <subfield code="2">23</subfield>
    <subfield code="a">621.47</subfield>
    <subfield code="b">DUF-S 2013</subfield>
  </datafield>
  <datafield tag="100" ind1="1" ind2=" ">
    <subfield code="a">Duffie, John A.</subfield>
  </datafield>
  <datafield tag="210" ind1="1" ind2="0">
    <subfield code="a">Solar engineering of thermal processes / John A. Duffie, William A. Beckman.</subfield>
  </datafield>
  <datafield tag="245" ind1="1" ind2="0">
    <subfield code="a">Solar engineering of thermal processes / John A. Duffie, William A. Beckman.</subfield>
  </datafield>
  <datafield tag="250" ind1=" " ind2=" ">
    <subfield code="a">4th ed.</subfield>
  </datafield>
  <datafield tag="260" ind1=" " ind2=" ">
    <subfield code="a">New Jersey:</subfield>
    <subfield code="b">Wiley,</subfield>
    <subfield code="c">2013</subfield>
  </datafield>
  <datafield tag="502" ind1=" " ind2=" ">
    <subfield code="a">.</subfield>
  </datafield>
  <datafield tag="504" ind1=" " ind2=" ">
    <subfield code="a">Includes bibliographical references and index.</subfield>
  </datafield>
  <datafield tag="505" ind1="0" ind2=" ">
    <subfield code="a">pt. 1. Fundamentals. Solar radiation -- Available solar radiation -- Selected heat transfer topics -- Radiation characteristics of opaque materials -- Radiation transmission through glazing: absorbed radiation -- Flat-plate collectors -- Concentrating collectors -- Energy storage -- Solar process loads -- System thermal calculations -- Solar process economics -- pt. 2. Applications. Solar water heating: active and passive -- Building heating: active -- Building heating: passive and hybrid methods -- Solar cooling -- Solar industrial process heat -- Solar thread power systems -- Solar ponds: evaporative processes -- pt. 3. Design methods. Simulations in solar process design -- Design of active systems: f-chart -- Design of active systems by utilizability methods -- Design of passive and hybrid heating systems -- Design of photovoltaic systems -- Wind energy -- Appendix A: Problems -- Appendix B: Nomenclature -- Appendix C: International system of units -- Appendix D: Meteorological data -- Appendix E: Average shading factors for overhangs.</subfield>
  </datafield>
  <datafield tag="506" ind1=" " ind2=" ">
    <subfield code="a">License restrictions may limit access.</subfield>
  </datafield>
  <datafield tag="650" ind1=" " ind2="0">
    <subfield code="a">Solar energy.</subfield>
  </datafield>
  <datafield tag="700" ind1="1" ind2=" ">
    <subfield code="a">Beckman, William A.</subfield>
  </datafield>
  <datafield tag="773" ind1=" " ind2="0">
    <subfield code="t">Safari Technical Books (Current File)</subfield>
  </datafield>
  <datafield tag="773" ind1=" " ind2="0">
    <subfield code="t">Wiley-Blackwell Online Books</subfield>
  </datafield>
  <datafield tag="856" ind1="4" ind2="0">
    <subfield code="u">http://www.columbia.edu/cgi-bin/cul/resolve?clio10497536.001</subfield>
    <subfield code="z">Full text available from Safari Technical Books (Current File)</subfield>
  </datafield>
  <datafield tag="856" ind1="4" ind2="0">
    <subfield code="u">http://www.columbia.edu/cgi-bin/cul/resolve?clio10497536.002</subfield>
    <subfield code="z">Full text available from Wiley-Blackwell Online Books</subfield>
  </datafield>
  <datafield tag="910" ind1=" " ind2=" ">
    <subfield code="a">Library of Congress record</subfield>
  </datafield>
  <datafield tag="942" ind1=" " ind2=" ">
    <subfield code="2">ddc</subfield>
    <subfield code="c">BK</subfield>
  </datafield>
  <datafield tag="999" ind1=" " ind2=" ">
    <subfield code="c">355870</subfield>
    <subfield code="d">355870</subfield>
  </datafield>
  <datafield tag="952" ind1=" " ind2=" ">
    <subfield code="0">0</subfield>
    <subfield code="1">0</subfield>
    <subfield code="2">ddc</subfield>
    <subfield code="4">0</subfield>
    <subfield code="7">0</subfield>
    <subfield code="8">NFIC</subfield>
    <subfield code="a">CAS-E</subfield>
    <subfield code="b">CAS-E</subfield>
    <subfield code="c">DISPLAY</subfield>
    <subfield code="d">2015-12-30</subfield>
    <subfield code="e">Iqra</subfield>
    <subfield code="g">14497.00</subfield>
    <subfield code="l">0</subfield>
    <subfield code="o">621.47 DUF-S 2013</subfield>
    <subfield code="p">CAS-E0001191</subfield>
    <subfield code="r">2015-12-30</subfield>
    <subfield code="w">2015-12-30</subfield>
    <subfield code="y">BK</subfield>
  </datafield>
  <datafield tag="952" ind1=" " ind2=" ">
    <subfield code="0">0</subfield>
    <subfield code="1">0</subfield>
    <subfield code="2">ddc</subfield>
    <subfield code="4">0</subfield>
    <subfield code="7">0</subfield>
    <subfield code="8">NFIC</subfield>
    <subfield code="a">CAS-E</subfield>
    <subfield code="b">CAS-E</subfield>
    <subfield code="c">DISPLAY</subfield>
    <subfield code="d">2015-12-30</subfield>
    <subfield code="e">Iqra</subfield>
    <subfield code="g">14497.00</subfield>
    <subfield code="l">0</subfield>
    <subfield code="o">621.47 DUF-S 2013</subfield>
    <subfield code="p">CAS-E0001192</subfield>
    <subfield code="r">2015-12-30</subfield>
    <subfield code="t">C.2</subfield>
    <subfield code="w">2015-12-30</subfield>
    <subfield code="y">BK</subfield>
  </datafield>
  <datafield tag="952" ind1=" " ind2=" ">
    <subfield code="0">0</subfield>
    <subfield code="1">0</subfield>
    <subfield code="2">ddc</subfield>
    <subfield code="4">0</subfield>
    <subfield code="7">0</subfield>
    <subfield code="8">NFIC</subfield>
    <subfield code="a">CAS-E</subfield>
    <subfield code="b">CAS-E</subfield>
    <subfield code="c">DISPLAY</subfield>
    <subfield code="d">2015-12-30</subfield>
    <subfield code="e">Iqra</subfield>
    <subfield code="g">14497.00</subfield>
    <subfield code="l">3</subfield>
    <subfield code="m">3</subfield>
    <subfield code="o">621.47 DUF-S 2013</subfield>
    <subfield code="p">CAS-E0001193</subfield>
    <subfield code="r">2017-01-10</subfield>
    <subfield code="s">2016-11-11</subfield>
    <subfield code="t">C.3</subfield>
    <subfield code="w">2015-12-30</subfield>
    <subfield code="y">BK</subfield>
  </datafield>
</record>
